00463nam a22001457a 4500008004100000020001500041050002300056100002200079245008100101260005600182300002300238500001900261650001600280700002100296170214b xxu||||| |||| 00| 0 eng d a1269753800 aQA 39.3 .M38 2015 aCarman, Robert A. aMathematics Measurement and Literacy /cRobert A. Carman and Hal M. Saunders aupper saddle River, New Jersey :bPearson ,c2015 . av, 455p. :bill. ; aincludes index 2mathematics aSaunders, Hal M.